ბათუმის შოთა რუსთაველის სახელმწიფო უნივერსიტეტის ბიბლიოთეკა

ეტლთა და შვიდთა მნათობთათვის = О знаках зодиака и семи светилах : (ბიბ.ჩანაწერი № 60226)

000 -ლიდერი
ფიქსირებული სიგრძის საკონტროლო ველი 01259nam a22002057a 4500
003 - საკონტროლო ნომრის იდენტიფიკატორი
საკონტროლო ველი Ge_BSU
005 - ბოლო ოპერაციის თარიღი და დრო
საკონტროლო ველი 20230620161545.0
008 - ფიქსირებული სიგრძის მონაცემთა ელემენტები - ზოგადი ინფორმაცია
ფიქსირებული სიგრძის საკონტროლო ველი 230620s1975 ge ||||| |||| 00| 0 geo d
041 ## - ენის კოდი
Language code of text/sound track or separate title geo
080 ## - უნივერსალური ათობითი კლასიფიკაციის ინდექსი
Universal Decimal Classification number 133.52+811.353.1'01 ე-87
245 ## - ცნობა სათაურის შესახებ
Title ეტლთა და შვიდთა მნათობთათვის = О знаках зодиака и семи светилах :
Remainder of title ასტროლოგიური თხზულება XII საუკუნისა /
Statement of responsibility, etc გამოსცა, წინასიტყვაობა და ენობრივი მიმოხილვა დაურთო აკაკი შანიძემ.
264 ## - წარმოების, გამოცემის, დისტრიბუციის და სხვა ცნობები
გამოცემის, წარმოების, დისტრიბუციის... ადგილი თბილისი :
გამოცემის, წარმოების, დისტრიბუციის... სახელწოდება თბილისის უნივერსიტეტის გამომცემლობა,
გამოცემის, წარმოების, დისტრიბუციის... თარიღი 1975.
300 ## - ფიზიკური აღწერა
Extent 90, [8] გვ. :
Other physical details ილ. ;
Dimensions 21 სმ.
518 ## - DATE/TIME AND PLACE OF AN EVENT NOTE
Date/time and place of an event note რეზ. რუს. ენაზე.
653 ## - INDEX TERM--UNCONTROLLED
Uncontrolled term ასტროლოგი
653 ## - INDEX TERM--UNCONTROLLED
Uncontrolled term ძველი ქართული ენა
653 ## - INDEX TERM--UNCONTROLLED
Uncontrolled term ზოგადი ენათმეცნიერება.
700 ## - ADDED ENTRY--PERSONAL NAME
Personal name შანიძე, აკაკი
Relator term წინასიტყვაობის ავტორი.
9 (RLIN) 18828
942 ## - ADDED ENTRY ELEMENTS (KOHA)
Source of classification or shelving scheme
Koha item type წიგნი
ეგზემპლარები
ჩამოწერის სტატუსი დაკარგული ეგზემპლარის სტატუსი კლასიფიკაციის წყარო ან თაროზე გაწყობის სქემა დაზიანების სტატუსი არ გაიცემა მუდმივი მდებარეობა (დაცვის ადგილი) ამჟამინდელი ადგილსამყოფელი თაროზე განთავსების ადგილი შეძენის თარიღი ღირებულება, შესყიდვის ნორმალური ფასი სრული შენახვის შიფრი შტრიხკოდი ბოლო ოპერაციის თარიღი ეგზემპლარის მიმდევრობითი ნომერი (კეტერი?) Uniform Resource Identifier ფასის ძალაში შესვლის თარიღი ეგზემპლარის სახეობა საჯარო შენიშვნა
          ბათუმის შოთა რუსთაველის სახელმწიფო უნივერსიტეტის მთავარი ბიბლიოთეკა ბათუმის შოთა რუსთაველის სახელმწიფო უნივერსიტეტის მთავარი ბიბლიოთეკა წიგნსაცავი 2023-06-20 4.00 133.52+811.353.1'01 ე-87 64727 2023-06-20 64727 ბსუ-ს საპატიო დოქტორის გურამ ლორთქიფანიძის საჩუქარი 2023-06-20 წიგნი 4 ლ.